| 000 | 00540nam a2200181 a 4500 | ||
|---|---|---|---|
| 005 | 20140412111221.0 | ||
| 008 | 010420s19uu xx 00 eng d | ||
| 020 | _a0-394-89987-3 | ||
| 050 |
_aM 636.1 _bD44 1989 |
||
| 100 | _aDell, Catherine | ||
| 245 |
_aHorses and ponies / _cwritten by Catherine Dell; illustrated by Thelma Bissex and Elizabeth Turner. |
||
| 260 |
_aNew York : _bRandom House, _c1989. |
||
| 300 | _a24p. ; ill. | ||
| 440 | _aRandom house all-about books | ||
| 650 | _aHorses | ||
| 650 | _aPonies | ||
| 999 |
_c101935 _d101935 |
||